| 000 | 00488nam a2200169Ia 4500 | ||
|---|---|---|---|
| 008 | 150610s9999 xx 000 0 und d | ||
| 020 | _a0099740915 | ||
| 050 |
_aPR 9199.3 _b .At887 1996 |
||
| 100 | _aAtwood, Margaret, 1939- | ||
| 245 | 4 |
_aThe handmaid's tale / _cMargaret Atwood. |
|
| 250 | _a1st Anchor Books ed. | ||
| 260 |
_aNew York : _bVintage, _c1996. |
||
| 300 |
_a311pages ; _c21 cm. |
||
| 520 | _aFiction. | ||
| 650 |
_aMisogyny _xFiction. |
||
| 650 |
_aWomen _xFiction. |
||
| 999 |
_c288118 _d288118 |
||